[Event "Top of the Hill"]
[Site "SchemingMind.com"]
[Date "2009.05.13"]
[Round "-"]
[White "Gammon"]
[Black "lame wolf"]
[Result "1/2-1/2"]
[WhiteCountry "USA"]
[BlackCountry "INT"]
[WhiteElo "1401"]
[WhiteRD "60"]
[BlackElo "1075"]
[BlackRD "42"]
[GameID "204661"]

1. e4 d5 2. exd5 Qxd5 3. Nc3 Qd8 4. d4 e6 5. Nf3 c6 6. Bd3 Bb4 7. Bd2 b5 8. O-O Qe7 9. a3 Bxc3 10. Bxc3 Nf6
11. Re1 O-O 12. Bb4 c5 13. Bxc5 Qd8 14. Bxf8 Qxf8 15. Bxb5 Nbd7 16. Ne5 Nxe5 17. dxe5 Nd5 18. Qd2 Rb8 19. c4 Nb6 20. c5 Nd5
21. Rac1 Rxb5 22. c6 f5 23. f4 Qe7 24. c7 Rc5 25. b4 Rxc7 26. Rc2 Rxc2 27. Qxc2 Bd7 28. h3 Nxf4 29. Kh2 g5 30. g3 Nd5
31. Rc1 Kf7 32. Qd3 h6 33. b5 Nb6 34. Rc7 Ke8 35. Rxa7 Nd5 36. Ra8+ Kf7 37. Qb1 f4 38. Kg2 fxg3 39. b6 Ne3+ 40. Kxg3 Nf5+
41. Kf2 Qc5+ 42. Ke1 Qe3+ 43. Kd1 Qxe5 44. b7 Qd6+ 45. Kc1 Qc6+ 46. Kd2 Qg2+ 47. Kc1 Qf1+ 48. Kb2 Qb5+ 49. Ka2 Qc4+= 50. Ka1 Qc3+
51. Qb2 Qe1+ 52. Qb1 Qe5+=
1/2-1/2

[Event "Top of the Hill"]
[Site "SchemingMind.com"]
[Date "2009.05.14"]
[Round "-"]
[White "Gammon"]
[Black "iluvatar"]
[Result "0-1"]
[WhiteCountry "USA"]
[BlackCountry "USA"]
[WhiteElo "1401"]
[WhiteRD "60"]
[BlackElo "1757"]
[BlackRD "109"]
[GameID "204662"]

1. e4 e5 2. Nf3 Nc6 3. Bc4 Bc5 4. c3 Nge7 5. d3 d6 6. Be3 Bxe3 7. fxe3 Bg4 8. Nbd2 Na5 9. O-O Nxc4 10. Nxc4 Nc6
11. d4 O-O 12. h3 Bh5 13. d5 Ne7 14. Qd2 Bg6 15. b4 Bxe4 16. a4 Bxd5 17. Nb2 Bxf3 18. Rxf3 Ng6 19. g3 f5 20. Qd5+ Kh8
21. Raf1 Qc8 22. b5 Ne7 23. Qd2 Qe6 24. c4 b6 25. e4 g6 26. exf5 gxf5 27. g4 f4 28. Qf2 Ng6 29. Qe2 e4 30. R3f2 f3
31. Qe3 Rae8 32. Qd4+ Qe5 33. Rd1 Qxd4 34. Rxd4 e3
0-1

[Event "Top of the Hill"]
[Site "SchemingMind.com"]
[Date "2009.05.13"]
[Round "-"]
[White "Gammon"]
[Black "norlavuaram"]
[Result "0-1"]
[WhiteCountry "USA"]
[BlackCountry "PER"]
[WhiteElo "1419"]
[WhiteRD "59"]
[BlackElo "1756"]
[BlackRD "85"]
[GameID "204663"]

1. e4 e5 2. Nf3 Nc6 3. Bc4 Bc5 4. c3 Nf6 5. d4 exd4 6. Nxd4 Nxd4 7. cxd4 Bb4+ 8. Nc3 Nxe4 9. O-O Bxc3 10. bxc3 O-O
11. f3 Nf6 12. Bg5 d6 13. Rb1 b6 14. Re1 Bb7 15. Rb2 d5 16. Bd3 Qd6 17. Bxf6 Qxf6 18. Rbe2 Bc6 19. Re7 Rfe8 20. Rxc7 Qd6
21. Rxe8+ Bxe8 22. Rc8 Rxc8
0-1

[Event "Top of the Hill"]
[Site "SchemingMind.com"]
[Date "2009.05.13"]
[Round "-"]
[White "Gammon"]
[Black "Nephi"]
[Result "0-1"]
[WhiteCountry "USA"]
[BlackCountry "ENG"]
[WhiteElo "1401"]
[WhiteRD "60"]
[BlackElo "1614"]
[BlackRD "75"]
[GameID "204664"]

1. e4 c5 2. Nf3 d6 3. d4 cxd4 4. Nxd4 Nf6 5. Nc3 a6 6. Be3 e5 7. Nf3 Be7 8. Bc4 O-O 9. Nd5 Bg4 10. h3 Bh5
11. O-O Nxe4 12. Nxe7+ Qxe7 13. Be2 Nf6 14. Bg5 Nbd7 15. Qd2 h6 16. Bh4 Bg6 17. Rac1 Rac8 18. c4 Nc5 19. Rc3 Nce4 20. Qc1 Nxc3
21. Qxc3 b5 22. Bd3 bxc4 23. Bxf6 Qxf6 24. Bxc4 d5 25. Qxe5 Qxe5 26. Nxe5 dxc4 27. Rd1 Be4 28. f3 Bb7 29. Rd7 Ba8 30. Kf2 Rcd8
31. g4 Rxd7 32. Nxd7 Rd8 33. Nb6 Bb7 34. f4 Rd2+ 35. Ke1 Rxb2 36. Nxc4 Rb4 37. Nd6 Bg2 38. h4 Rxf4 39. a3 Rxg4
0-1

[Event "Top of the Hill"]
[Site "SchemingMind.com"]
[Date "2009.05.13"]
[Round "-"]
[White "Gammon"]
[Black "Eden"]
[Result "0-1"]
[WhiteCountry "USA"]
[BlackCountry "CZE"]
[WhiteElo "1401"]
[WhiteRD "60"]
[BlackElo "1551"]
[BlackRD "63"]
[GameID "204665"]

1. e4 d6 2. Nf3 e5 3. d4 Bg4 4. Be2 Bxf3 5. Bxf3 Nc6 6. d5 Nd4 7. Bg4 Nf6 8. Bg5 h6 9. Bxf6 Qxf6 10. O-O c6
11. c4 g6 12. Nd2 h5 13. Nb3 hxg4 14. Nxd4 exd4 15. Re1 Qh4 16. Qxd4 Qxh2+ 17. Kf1 Rh5 18. Re3 Qh1+
0-1

[Event "Top of the Hill"]
[Site "SchemingMind.com"]
[Date "2009.05.13"]
[Round "-"]
[White "Gammon"]
[Black "MetallicMagma"]
[Result "1-0"]
[WhiteCountry "USA"]
[BlackCountry "USA"]
[WhiteElo "1410"]
[WhiteRD "54"]
[BlackElo "1273"]
[BlackRD "91"]
[GameID "204666"]

1. e4 e5 2. Nf3 Nc6 3. Bc4 Bc5 4. d3 Qf6 5. Nc3 Nd4 6. Be3 Nxf3+ 7. Qxf3 Bb6 8. Qh5 g6 9. Nd5 Qd8 10. Qxe5+ Kf8
11. Qxh8 Bxe3 12. Nxe3 Qf6 13. Qxf6 Nxf6 14. e5 Ng8 15. O-O-O d6 16. exd6 cxd6 17. Nd5 a6 18. Rhe1 Bg4 19. f3
1-0

[Event "Top of the Hill"]
[Site "SchemingMind.com"]
[Date "2009.05.13"]
[Round "-"]
[White "lame wolf"]
[Black "Gammon"]
[Result "0-1"]
[WhiteCountry "INT"]
[BlackCountry "USA"]
[WhiteElo "1075"]
[WhiteRD "42"]
[BlackElo "1401"]
[BlackRD "60"]
[GameID "204667"]

1. Nf3 Nf6 2. d4 d5 3. e3 Nc6 4. Bb5 Bd7 5. a4 e6 6. c4 a6 7. Bxc6 Bxc6 8. c5 b6 9. Ne5 Nd7 10. Nxc6 Qc8
11. Nb4 bxc5 12. Nc2 c4 13. O-O c5 14. Nc3 Rb8 15. Rb1 Bd6 16. Ne1 O-O 17. Qc2 Nf6 18. b3 e5 19. dxe5 Bxe5 20. Ne2 Ng4
21. g3 d4 22. exd4 cxd4 23. bxc4 f6 24. Rxb8 Qxb8 25. Qb2 d3 26. Nxd3 Bxb2 27. Nxb2 Rd8 28. Rd1 Ne5 29. Rxd8+ Qxd8 30. f4 Nf3+
31. Kg2 Nd4 32. Kf2 g5 33. fxg5 fxg5 34. Ke3 Nxe2 35. Kxe2 Qf6 36. Kd3 Qf2 37. Kc3 h6 38. Kb4 Qe1+
0-1

[Event "Top of the Hill"]
[Site "SchemingMind.com"]
[Date "2009.05.17"]
[Round "-"]
[White "iluvatar"]
[Black "Gammon"]
[Result "1-0"]
[WhiteCountry "USA"]
[BlackCountry "USA"]
[WhiteElo "1757"]
[WhiteRD "109"]
[BlackElo "1401"]
[BlackRD "60"]
[GameID "204668"]

1. e4 e5 2. Nf3 Nc6 3. Bc4 Bc5 4. d3 Nf6 5. Nc3 Ng4 6. O-O Nd4 7. Nxd4 Bxd4 8. Qxg4 d5 9. Qxg7 Kd7 10. Qxf7+ Qe7
11. Qxe7+ Kxe7 12. Nxd5+ Kd6 13. c3 Bb6 14. Nxb6 axb6 15. f4 c6 16. fxe5+ Kxe5 17. Bf4+ Kf6 18. Bc7+ Kg6 19. Bf7+ Kg7 20. Be5+
1-0

[Event "Top of the Hill"]
[Site "SchemingMind.com"]
[Date "2009.05.14"]
[Round "-"]
[White "norlavuaram"]
[Black "Gammon"]
[Result "1-0"]
[WhiteCountry "PER"]
[BlackCountry "USA"]
[WhiteElo "1768"]
[WhiteRD "88"]
[BlackElo "1410"]
[BlackRD "54"]
[GameID "204669"]

1. e4 e5 2. Nf3 Nc6 3. Bb5 a6 4. Ba4 b5 5. Bb3 Bc5 6. c3 Nf6 7. d3 O-O 8. Nbd2 Ng4 9. O-O Be7 10. h3 Nh6
11. d4 d6 12. Bd5 Bb7 13. Bxc6 Bxc6 14. dxe5 dxe5 15. Nxe5 Qd6 16. Nxc6 Qxc6 17. Re1 Rad8 18. Qc2 Qg6 19. Nf3 f6 20. Nd4 f5
21. Nxf5 Nxf5 22. exf5 Qf6 23. Bf4 c5 24. Bh2 Bd6 25. Bxd6 Rxd6 26. g4 Kf7 27. Rad1 g6 28. fxg6+ hxg6 29. Rxd6 Qxd6 30. Qe4 Qd8
31. Qe6+ Kg7 32. Qe7+ Qxe7 33. Rxe7+ Rf7 34. Rxf7+ Kxf7 35. f4 a5 36. Kf2 Kf6 37. Ke3 a4 38. Ke4 c4 39. h4 b4 40. Kd4 a3
41. bxa3 b3 42. axb3 cxb3 43. Kd3 b2 44. Kc2
1-0

[Event "Top of the Hill"]
[Site "SchemingMind.com"]
[Date "2009.05.13"]
[Round "-"]
[White "Nephi"]
[Black "Gammon"]
[Result "1-0"]
[WhiteCountry "ENG"]
[BlackCountry "USA"]
[WhiteElo "1614"]
[WhiteRD "75"]
[BlackElo "1401"]
[BlackRD "60"]
[GameID "204670"]

1. e4 e5 2. Nf3 Nc6 3. d4 d6 4. c3 Nf6 5. Bg5 Be7 6. Nbd2 h6 7. Bh4 Bg4 8. Be2 Nh5 9. Bxe7 Qxe7 10. h3 Nf4
11. hxg4 Nxe2 12. Qxe2 O-O-O 13. d5 Na5 14. b4 Nb3 15. Nxb3 g5 16. Rc1 Qd7 17. Nh2 f6 18. O-O Qf7 19. c4 Kb8 20. c5 h5
21. c6 b6 22. Qa6 hxg4 23. Qb7#
1-0

[Event "Top of the Hill"]
[Site "SchemingMind.com"]
[Date "2009.05.13"]
[Round "-"]
[White "Eden"]
[Black "Gammon"]
[Result "1-0"]
[WhiteCountry "CZE"]
[BlackCountry "USA"]
[WhiteElo "1551"]
[WhiteRD "63"]
[BlackElo "1401"]
[BlackRD "60"]
[GameID "204671"]

1. e4 e5 2. h4 Nf6 3. d3 Bc5 4. Nh3 h6 5. g4 d5 6. Qf3 Bxg4 7. Qg3 Nc6 8. f3 Nh5 9. Qxg4 Qf6 10. Qxh5 g6
11. Qg4 Nd4 12. Kd1 Nxf3 13. Bg2 h5 14. Qxf3 Qxf3+ 15. Bxf3 O-O-O 16. exd5 Rhe8 17. Bg5 f6 18. Bxf6 Rd6 19. Bg5 Bd4 20. c3 Bb6
21. c4 Bd4 22. Kc2 Rb6 23. Nc3 Kb8 24. Be4 Rg8 25. a3 Rg7 26. Rhf1 a6 27. Rab1
1-0

[Event "Top of the Hill"]
[Site "SchemingMind.com"]
[Date "2009.05.13"]
[Round "-"]
[White "MetallicMagma"]
[Black "Gammon"]
[Result "0-1"]
[WhiteCountry "USA"]
[BlackCountry "USA"]
[WhiteElo "1273"]
[WhiteRD "91"]
[BlackElo "1410"]
[BlackRD "54"]
[GameID "204672"]

1. g3 e5 2. e4 Nf6 3. d3 Bc5 4. Be3 Bxe3 5. fxe3 d5 6. exd5 Nxd5 7. e4 Nf6 8. Nf3 Bg4 9. Be2 Nc6 10. Ng5 h6
11. Nf3 Qd7 12. h3 Bxf3 13. Bxf3 Nd4 14. Na3 Nxf3+ 15. Qxf3 O-O-O 16. h4 h5 17. Nc4 Ng4
0-1